Statistics for Bendy and the Ink Machine characters

Click here to take the quiz!

General Stats

  • This quiz has been taken 225 times
  • The average score is 16 of 37

Answer Stats

HintAnswer% Correct
CharactersBendy
97%
Boris the Wolf
95%
Alice Angel
92%
Henry Stein
81%
Joey Drew
77%
Sammy Lawrence
75%
Tom
70%
Piper
55%
Fisher
54%
Striker
52%
Allisson Angel
50%
Wally Franks
48%
The Lost Ones
46%
The Projectionist
46%
Beast Bendy
43%
Bertrum Piedmont
42%
Susie Campbell
42%
The Searchers
42%
Brute Boris
41%
Ink Bendy
40%
Norman Polk
40%
Allisson Pendel
38%
Thomas Connor
36%
Edgar
31%
Barley
30%
Shawn Flynn
30%
Charley
29%
Jack Fain
29%
Grant Cohen
27%
Lacie Benton
22%
Miner Searcher
16%
Linda
14%
Swollen Searchers
13%
Searcher Boss
11%
Swollen Jack
11%
Sammy Searcher
10%
Bendy Animatronic
9%

Score Distribution

Percentile by Number Answered

Percent of People with Each Score

Your Score History

You have not taken this quiz